| 000 | 00368nam a2200097Ia 4500 | ||
|---|---|---|---|
| 008 | 180130s9999 xx 000 0 und d | ||
| 245 |
_cBarratt, Marguerite; Fener, Erica _aInfancy research, policy, and practice |
||
| 260 | _c2014 | ||
| 300 | _aBook title: Blackwell handbook of infant development--Acession number C19029; pages 1034-1054 | ||
| 650 | _aINFANTS--DEVELOPMENT | ||
| 999 |
_c354057 _d354057 |
||